Problemas de síntesis de circuitos / (Record no. 42328)

MARC details
000 -LEADER
campo de control de longitud fija 00661nam a2200181 i 4500
001 - NÚMERO DE CONTROL
campo de control 42328
003 - IDENTIFICADOR DE NÚMERO DE CONTROL
campo de control ES-MaACL
007 - CAMPO FIJO DE DESCRIPCIÓN FÍSICA--INFORMACIÓN GENERAL
campo de control de longitud fija t|
008 - DATOS DE LONGITUD FIJA--INFORMACIÓN GENERAL
campo de control de longitud fija 030313s1981 sp ||||1| spa d
100 1# - ENTRADA PRINCIPAL--NOMBRE DE PERSONA
Nombre de persona Castillo Holgado, Antonio.
9 (RLIN) 36748
245 10 - MENCIÓN DEL TÍTULO
Título Problemas de síntesis de circuitos /
Mención de responsabilidad, etc. por Antonio Castillo Holgado y Enrique Fenoll Comes.
250 ## - MENCION DE EDICION
Mención de edición [3ª ed.].
260 ## - PUBLICACIÓN, DISTRIBUCIÓN, ETC.
Lugar de publicación, distribución, etc. [Madrid :
Nombre del editor, distribuidor, etc. Escuela Técnica Superior de Ingenieros de Telecomunicación,
Fecha de publicación, distribución, etc. 1981]
300 ## - DESCRIPCIÓN FÍSICA
Extensión 492 p. ;
Dimensiones 29 cm.
700 1# - ENTRADA AGREGADA--NOMBRE PERSONAL
Nombre de persona Fenoll Comes, Enrique.
9 (RLIN) 49257
710 2# - ENTRADA AGREGADA--NOMBRE DE ENTIDAD CORPORATIVA
Nombre de entidad corporativa o nombre de jurisdicción como elemento de entrada Escuela Técnica Superior de Ingenieros de Telecomunicación (Madrid)
9 (RLIN) 3611
852 ## - LOCALIZACIÓN
Ubicación ES-MaACL
Número de control de estantería L-7250
Sublocalización o colección R.108119
Holdings
Estatus retirado Estado de pérdida Estado de daño No para préstamo Biblioteca de origen Biblioteca actual Ubicación en estantería Fecha de adquisición Fuente de adquisición Total de préstamos Signatura topográfica completa Código de barras Visto por última vez Precio de reemplazo Tipo de ítem Koha
        Biblioteca del Ateneo de Madrid Biblioteca del Ateneo de Madrid Depósito 2 17/01/2008     L-7250 1044544 23/02/2023 23/02/2023 Libro impreso